Statistics for Complete the Card - WCW Spring Stampede 1999

Click here to take the quiz!

General Stats

  • This quiz has been taken 83 times
  • The average score is 16 of 22

Answer Stats

Answer% Correct
Sting
98%
Hollywood Hogan
95%
Kevin Nash
93%
Chris Benoit
90%
Raven
90%
Billy Kidman
88%
Diamond Dallas Page
88%
Rey Mysterio Jr.
88%
Booker T
85%
Dean Malenko
85%
Perry Saturn
85%
Goldberg
83%
Ric Flair
83%
Scott Steiner
80%
Juventud Guerrera
78%
Bam Bam Bigelow
58%
Hak
55%
Konnan
55%
Disco Inferno
50%
Blitzkrieg
35%
Mikey Whipwreck
20%
Scotty Riggs
20%

Score Distribution

Percentile by Number Answered

Percent of People with Each Score

Your Score History

You have not taken this quiz